000 00519 a2200169 4500
003 NUST
005 20221025161600.0
008 221025b ||||| |||| 00| 0 eng d
040 _aDLC
_bDLC
082 _a297.122521
_bMOD
100 _aMoududi, S. Abul-ul-Aalah
_9101384
245 _aTafheem-ul-Quran (Vol I)
_cS. Abul-ul-Aallah Moududi
_h[Urdu]
260 _aLahore:
_bIdara Tarjaman-ul-Quran,
_c2004.
300 _a664 p. ;
_c26 cm.
650 _aQuran (Surahs) -- Commentaries
_991534
942 _cBK
_k297.122521 MOD
_2ddc
999 _c7306
_d7306